00494nam a22001577a 450000500170000001000150001702000300003203500140006203700090007608200110008510000200009624500790011626000340019527000860022930000210031520220121110114.0 aENG-131289 a978-93-5266-745-1c295.00 aEN-114821 bDBAD a954.03 aBhardwaj, Kamal aHistory of Modern India:bFor Civil Services Examinations/cKamal Bhardwaj aNew DelhibPrabhat Examc2022 bNew Delhia4/19, Asaf Ali Roade110002k23289555, 23289666mprabhatbook@gmail.com a330p.c25cm(pbk)